000 00676nam a22002297a 4500
003 OSt
005 20180130173239.0
008 180119b xxu||||| |||| 00| 0 eng d
020 _a978-1-60255-216-6
040 _aBMC
_cBMC
082 _a813.5
100 1 _942131
_aDekker, Ted
245 1 0 _aBlanco
_b: la gran búsqueda
_cTed Dekker; [traducción, Ricardo y Mirta Acosta]
260 _aTennesse
_bGrupo Nelson
_ccop. 2009
300 _aXII, 382 p.
_c24 cm
490 _aDekker-Fantasía
_v3
546 _aTraducción de: White
650 2 4 _917595
_aNovela norteamericana
700 1 _942132
_aAcosta, Ricardo‏
700 1 _942133
_aAcosta, Mirta‏
942 _2ddc
_cBK
999 _c28845
_d28845